Trees and proximity representations /
Guardado en:
| Autor Principal: | |
|---|---|
| Otros Autores: | |
| Formato: | Libro |
| Idioma: | English French |
| Publicado: |
Chichester :
Wiley,
c1991.
|
| Series: | Wiley-Interscience series in discrete mathematics and optimization
|
| Materias: | |
| Etiquetas: |
Agregar Etiqueta
Sin Etiquetas, Sea el primero en etiquetar este registro!
|
| LEADER | 01177cam a2200301 a 4500 | ||
|---|---|---|---|
| 001 | MAT.inmabb003725 | ||
| 008 | 910403s1991####enka#####b####001#0#eng## | ||
| 005 | 20130326152907.0 | ||
| 245 | 1 | 0 | |a Trees and proximity representations / |c Jean-Pierre Barthélemy and Alain Guénoche ; preface by Michel Minoux ; translated by Gregor Lawden. |
| 260 | |a Chichester : |b Wiley, |c c1991. | ||
| 300 | |a xvi, 238 p. : |b il. ; |c 25 cm. | ||
| 440 | 0 | |a Wiley-Interscience series in discrete mathematics and optimization | |
| 500 | |a Traducción de: Les arbres et les représentations des proximités. Paris : Masson, 1988. | ||
| 504 | |a Incluye referencias bibliográficas e índice. | ||
| 510 | 4 | |a MR, |c 93b:05042 | |
| 020 | |a 0471922633 | ||
| 100 | 1 | |a Barthélemy, Jean-Pierre. | |
| 240 | 1 | 0 | |a Arbres et les représentations des proximités. |l Inglés |
| 700 | 1 | |a Guénoche, Alain. | |
| 650 | 0 | |a Trees (Graph theory) | |
| 650 | 0 | |a Combinatorial enumeration problems. | |
| 650 | 0 | |a Mathematical statistics. | |
| 084 | |a 05C05 (68T30) |2 msc2000 | ||
| 084 | |a 68R10 |2 msc2000 | ||
| 010 | |a 91013808 | ||
| 040 | |a DLC |c DLC |d DLC | ||
| 041 | 1 | |a eng |h fre | |
| 859 | |h 05 |i B285 |p A-6873 |b BIB. MATEMATICA | ||
